000 00618nam a2200205 i 4500
001 36288
003 ES-MaACL
007 t|
008 030217s1981 sp ||||1| spa d
100 1 _aBrinkworth, B. J.
_931762
245 1 0 _aEnergía solar para el hombre /
_cB.J. Brinkworth ; [traducción Rafael Fontes].
250 _a[1ª ed.].
260 _aMadrid :
_bBlume,
_c[1981]
300 _aXII, 244 p. :
_bil. ;
_c21 cm.
490 1 _aEnergía, clima, diseño
700 1 _aFontes, Rafael.
_951644
830 0 _aEnergía, clima, diseño
_9184371
852 _aES-MaACL
_jL-996
_bR.101874
999 _c36288
_d36288